Mokámbo (Record no. 180980)

MARC details
000 -LEADER
campo de control de longitud fija 00863nam a2200241 i 4500
001 - NÚMERO DE CONTROL
campo de control 180980
003 - IDENTIFICADOR DE NÚMERO DE CONTROL
campo de control ES-MaACL
005 - FECHA Y HORA DE LA ÚLTIMA TRANSACCIÓN
campo de control 20250625063206.0
008 - DATOS DE LONGITUD FIJA--INFORMACIÓN GENERAL
campo de control de longitud fija 120926s2010 sp |||| | spa d
020 ## - NÚMERO INTERNACIONAL ESTÁNDAR DEL LIBRO
Número Internacional Estándar del Libro 978-84-614-3941-6
080 ## - NÚMERO DE LA CLASIFICACIÓN DECIMAL UNIVERSAL
Número de la Clasificación Decimal Universal 821.134.2(671.8)-31"19"
100 1# - ENTRADA PRINCIPAL--NOMBRE DE PERSONA
Nombre de persona Evita Ika, Victoria,
Fechas asociadas al nombre 1961-
9 (RLIN) 151444
245 10 - MENCIÓN DEL TÍTULO
Título Mokámbo
Resto del título : aromas de libertad /
Mención de responsabilidad, etc. Victoria Evita Ika.
250 ## - MENCION DE EDICION
Mención de edición 1ª ed.
260 ## - PUBLICACIÓN, DISTRIBUCIÓN, ETC.
Lugar de publicación, distribución, etc. [Madrid] :
Nombre del editor, distribuidor, etc. Creativa Editores,
Fecha de publicación, distribución, etc. 2010.
300 ## - DESCRIPCIÓN FÍSICA
Extensión 219 p. ;
Dimensiones 22 cm.
500 ## - NOTA GENERAL
Nota general Índice.
530 ## - NOTA DISPONIBLE DE FORMULARIO FÍSICO ADICIONAL
Nota de formato físico adicional disponible En contracub.: disponible también en formato electrónico.
852 ## - LOCALIZACIÓN
Ubicación ES-MaACL
Número de control de estantería A-12200
Nota libre Dedicatoria autógrafa de la autora
itemnumber 187861
Sublocalización o colección R.147158
Ubicación en estantería Depósito 1
Signatura antigua Olim: N-5205
Encuadernación Donacion: de la autora Vitoria Evita Ika
903 ## - NOMBRE PERSONAL DE DONANTE
a Evita Ika, Victoria,
d 1961-
e Donante
9 151444
942 ## - ELEMENTOS DE ENTRADA SECUNDARIOS (KOHA)
Fuente del sistema de clasificación o colocación Clasificación decimal universal
Holdings
Estatus retirado Estado de pérdida Fuente del sistema de clasificación o colocación Estado de daño No para préstamo Colección Biblioteca de origen Biblioteca actual Ubicación en estantería Fecha de adquisición Fuente de adquisición Total de préstamos Signatura topográfica completa Código de barras Visto por última vez Precio de reemplazo Tipo de ítem Koha Nota pública
    Clasificación decimal universal     Libros con dedicatorias Biblioteca del Ateneo de Madrid Biblioteca del Ateneo de Madrid Depósito 1 26/09/2012 Donación   A-12200 1190184 23/02/2023 23/02/2023 Libro impreso Dedicatoria autógrafa de la autora